000 00327nam a2200145Ia 4500
008 191201s2006 xx 000 0 und d
082 _a539
_bBEC
100 _aBEISER, Arthur
245 0 _aConcept of Modern Physics
250 _a6th
260 _aN.Delhi
_bTMH
_c2006
300 _a542
650 _aApplied
942 _2ddc
_cBK
999 _c1373
_d1373